NYC 5 Train Subway Stations (Harder Version) - Statistics

General Stats
  • This quiz has been taken 10 times
  • The average score is 27 of 36
Answer Stats
Borough Neighborhood Station Transfers % Correct
The Bronx Eastchester Eastchester–Dyre Avenue
100%
Manhattan Union Square 14th Street–Union Square N, Q, R, W, L, 4, 6
88%
Brooklyn Downtown Atlantic Avenue–Barclays Center D, N, R, B, Q, 2, 3, 4
88%
Manhattan Financial District Bowling Green 4
88%
Manhattan Civic Center Brooklyn Bridge–City Hall/Chambers Street 4, 6, J
88%
Brooklyn Flatbush Flatbush Avenue–Brooklyn College 2
88%
The Bronx Baychester Gun Hill Road
88%
The Bronx Morris Park Morris Park
88%
The Bronx Pelham Gardens Pelham Parkway
88%
Manhattan Financial District Wall Street 4
88%
Manhattan East Harlem 125th Street 4, 6
75%
The Bronx Mott Haven 138th Street–Grand Concourse 4
75%
The Bronx Mott Haven 149th Street–Grand Concourse 4, 2
75%
Manhattan Upper East Side 86th Street 4, 6
75%
Brooklyn East Flatbush Beverly Road 2
75%
Brooklyn Downtown Borough Hall/Court Street R, 2, 3, 4
75%
Brooklyn East Flatbush Church Avenue 2
75%
The Bronx Van Nest East 180th Street 2
75%
Brooklyn Crown Heights Franklin Avenue/Botanic Garden 2, 3, 4, S
75%
Manhattan Financial District Fulton Street A, C, 2, 3, 4, J
75%
Manhattan Midtown Grand Central–42nd Street S, 7, 4, 6
75%
Manhattan Midtown Lexington Avenue/59th Street N, R, W, 4, 6
75%
Brooklyn Downtown Nevins Street 2, 3, 4
75%
Brooklyn Flatbush Newkirk Avenue–Little Haiti 2
75%
Brooklyn Crown Heights President Street–Medgar Evers College 2
75%
Brooklyn Prospect Lefferts Gardens Sterling Street 2
75%
The Bronx Mott Haven Third Avenue–149th Street 2
75%
Brooklyn Prospect Lefferts Gardens Winthrop Street 2
75%
The Bronx Crotona Park East 174th Street 2
63%
The Bronx Eastchester Baychester Avenue
63%
The Bronx Crotona Park East Freeman Street 2
63%
The Bronx Longwood Intervale Avenue 2
63%
The Bronx Melrose Jackson Avenue 2
63%
The Bronx Longwood Prospect Avenue 2
63%
The Bronx Longwood Simpson Street 2
63%
The Bronx West Farms West Farms Square–East Tremont Avenue 2
63%
No matching quizzes found
Score Distribution
Percent of People with Each Score
Percentile by Number Answered
Your Score History
You have not taken this quiz